000
00194 a2200097 4500
001
45869
100
_a
245
_a
Space weapons
260
_a
London
_b
Thomas Hudson
_c
090
_c
28967
_d
28967
942
_a
NUST-CAE
_c
_c
21076
999
_c
280942
_d
280942